| 000 | 00651nam a22002417a 4500 | ||
|---|---|---|---|
| 003 | UA-OsUOA | ||
| 001 | 86481 | ||
| 007 | ta | ||
| 008 | 20120904b un ||||| |||| 00| 0 ukr d | ||
| 100 | _aАгарышев А.А. | ||
| 090 |
_a94(620) _bА23 |
||
| 942 | _cBK | ||
| 040 |
_aUA-OsUOA _brus _cUA-OsUOA _dUA-OsUOA |
||
| 245 | _aГамаль Абдель Насер | ||
| 300 | _a208 с. | ||
| 955 | _a4 | ||
| 041 | _arus | ||
| 080 | _a94(620) | ||
| 260 |
_aМ. _bМолодая гвардия _c1979 |
||
| 250 | _n2-е изд., испр. и доп. | ||
| 650 | 7 |
_a9 Географія. Біографії. Історія _2UDC |
|
| 999 |
_c373297 _d373297 |
||